Biggest Cities In Every Italian Region - Statistics

General Stats
  • This quiz has been taken 131 times
  • The average score is 35 of 60
Answer Stats
Region Answer Pop. % Correct
Lazio Rome 2.761.000
98%
Lombardy Milan 1.371.000
97%
Campania Naples 914.700
96%
Tuscany Florence 367.100
93%
Sicily Palermo 630.800
93%
Piedmont Turin 848.800
93%
a Venice 254.600
93%
Liguria Genoa 560.600
88%
Apulia Bari 316.100
87%
Emilia-Romagna Bologna 392.200
87%
Sardinia Cagliari 148.800
85%
a Catania 298.300
84%
Friuli-Venezia Giulia Trieste 200.500
81%
Veneto Verona 257.200
81%
a Messina 220.000
79%
a Parma 196.600
74%
a Salerno 128.100
73%
a Padua 208.700
72%
Calabria Reggio Calabria 171.800
72%
Trentino-Sud Tyrol Trento 118.500
71%
a Brescia 196.800
69%
a Modena 185.600
69%
Aosta Valley Aosta 33.100
67%
a Livorno 154.100
67%
a Bolzano 107.000
66%
Umbria Perugia 163.500
65%
a Sassari 121.600
65%
a Udine 97.700
65%
a Taranto 189.100
64%
a Foggia 146.300
63%
Abruzzo Pescara 119.400
62%
Marche Ancona 98.600
60%
a Catanzaro 85.500
59%
a Latina 127.200
59%
a L'Aquila 69.500
55%
a La Spezia 92.200
55%
a Monza 122.000
54%
Basilicata Potenza 64.700
53%
a Matera 59.800
51%
a Terni 107.300
51%
Molise Campobasso 47.300
50%
a Prato 200.700
50%
a Alessandria 90.900
48%
a Savona 58.500
48%
a Novara 101.700
46%
a Pesaro 95.700
41%
a Isernia 20.700
39%
a Pordenone 51.800
38%
a Merano 40.900
29%
a Quartu Sant'Elena 68.400
29%
a Giugliano in Campania 122.900
25%
a Fano 59.800
23%
a Termoli 32.300
22%
a Corigliano-Rossano 73.900
21%
a Foligno 55.500
21%
a Guidonia Montecelio 88.200
21%
a Montesilvano 53.100
15%
a Policoro 17.700
13%
a Saint-Vincent 4.400
12%
a Sarre 4.700
9%
No matching quizzes found
Score Distribution
Percent of People with Each Score
Percentile by Number Answered
Your Score History
You have not taken this quiz